000 00988nac a22003017a 4500
001 BR9000247
003 BR-BrBNA
005 20240105121026.0
008 230509b bl.|||m| |||| 00| 0 por d
040 _aBR-BrBNA
_bpor
_cBiblioteca Nacional de Agricultura
072 _aL73
090 _a5300 BR9000247
100 1 _aMarques, J.L.L.
100 1 _aMores, N.
100 1 _aSobestiansky, J.
100 1 _aCiacci, J.R.
110 1 _aCentro Nacional de Pesquisa de Suinos e Aves, Concordia, SC (Brasil)
245 1 _aCausas de morte subita em suinos. 3.: ulcera gastrica
246 1 _a[Causes of abrupt death on swine. 3.: stomach ulcer]
260 3 _aConcordia, SC (Brasil):
_c1989.
300 _a4 p.
490 _aComunicado Tecnico - Centro Nacional de Pesquisa de Suinos e Aves (Brazil)
_vno. 142
_xISSN 0100-8862
650 _aSUINO
650 _aULCERA
650 _aMORTALIDADE ANIMAL
909 _a202312
_bLúcia Elande
_c55
_dLúcia Elande
942 _2AGRIS
_n0
_cMS
999 _c282853
_d282853